| 000 | 00316nam a2200133 a 4500 | ||
|---|---|---|---|
| 001 | 5189 | ||
| 003 | CDMR | ||
| 005 | 20141231121909.0 | ||
| 008 | 130130s2000||||||||||||||||||||||||||||d | ||
| 040 |
_aCDMR _bcat _cCPC GIRONA |
||
| 245 | 0 | _aM'escriuràs una carta? | |
| 260 |
_c2000 _bMuseu d'Art de Girona |
||
| 942 |
_cMON _2udc |
||
| 999 |
_c5189 _d5189 |
||